| 000 | 00999nam a2200241 a 4500 | ||
|---|---|---|---|
| 001 | 40895 | ||
| 003 | BD-RjUL | ||
| 005 | 20211209053307.0 | ||
| 008 | 160511s19821955bg ||||| |||| 00| 0 ben d | ||
| 020 | _c: PRs 25.00 | ||
| 035 | _a(BD-RjUL)41011 | ||
| 040 |
_aBD-RjUL _bben _cBD-RjUL |
||
| 041 | _aben | ||
| 082 |
_223 _a891.443 _bISS 1982 |
||
| 100 |
_aইসহাক, আবু _9125879 |
||
| 245 | 1 | 0 |
_aসূর্য-দীঘল বাড়ী / _cআবু ইসহাক |
| 260 |
_aঢাকা : _bনওরোজ কিতাবস্থান, _c১৯৫৫ [মুদ্রণ ১৯৮২] |
||
| 300 |
_a[৮], ১৭০ পৃ. ; _c২১ সেমি. |
||
| 500 | _aবাংলা একাডেমী সাহিত্য পুরস্কার, ১৯৬২-৬৩ সুন্দরবন সাহিত্য পদক, ১৯৮১ | ||
| 650 |
_aবাংলা উপন্যাস _9125880 |
||
| 650 |
_aBengali Fiction _9125881 |
||
| 942 |
_2ddc _cBK |
||
| 999 |
_c40895 _d40895 |
||